[Event "Amager Klubmesterskab 2010"]
[Site "Sundbyoster"]
[Date "2010.03.16"]
[Round "6"]
[White "Varming, Thomas"]
[Black "Brorsen, Jacob Abildlund"]
[Result "0-1"]
[WhiteElo "1801"]
[BlackElo "1991"]
[PlyCount "106"]
[EventDate "2010.??.??"]

1. d4 f5 2. e4 fxe4 3. Nc3 Nf6 4. Bg5 d5 5. Bxf6 exf6 6. Qh5+ g6 7. Qxd5 Bb4 8.
Qxe4+ Kf7 9. Bc4+ Kg7 10. O-O-O Bxc3 11. bxc3 Re8 12. Qf3 Qd6 13. Ne2 Nc6 14.
g4 Na5 15. Bd3 Qa3+ 16. Kd2 Qxa2 17. h4 Bd7 18. Qf4 Nc4+ 19. Bxc4 Qxc4 20. Ng3
Re7 21. Rde1 Rae8 22. Rxe7+ Rxe7 23. g5 Qe6 24. Rg1 fxg5 25. Qxg5 Rf7 26. Nh5+
Kg8 27. Nf4 Qf6 28. Qxf6 Rxf6 29. Ke3 Rf5 30. c4 Kf7 31. Rg5 h5 32. Nd3 Rxg5
33. hxg5 Bf5 34. Ne5+ Ke6 35. Kd2 Be4 36. f3 Bf5 37. c3 a5 38. f4 a4 39. Nf3
Be4 40. Nh4 b6 41. d5+ Kf7 42. c5 Bxd5 43. cxb6 cxb6 44. f5 Be4 45. Nxg6 Bxf5
46. Ne5+ Kg7 47. Nc4 h4 48. Ne5 h3 49. Nf3 Be4 50. Nh2 Kg6 51. c4 Kxg5 52. Kc3
Kf4 53. Kb4 Bc6 0-1

[Event "Amager Klubmesterskab 2010"]
[Site "Sundbyoster"]
[Date "2010.03.30"]
[Round "7"]
[White "Brorsen, Jacob Abildlund"]
[Black "Madsen, Poul Henrik"]
[Result "0-1"]
[WhiteElo "1991"]
[BlackElo "2030"]
[PlyCount "46"]
[EventDate "2010.??.??"]

1. d4 Nf6 2. c4 d6 3. Nc3 g6 4. e4 Bg7 5. f4 O-O 6. Nf3 Na6 7. Be2 c5 8. d5 e6
9. O-O exd5 10. cxd5 Nc7 11. Bc4 b5 12. Nxb5 Nxe4 13. Re1 Nf6 14. Nc3 Rb8 15.
Rb1 Re8 16. b3 Bf5 17. Bd3 Rxe1+ 18. Nxe1 Qd7 19. Bb2 Ncxd5 20. Nxd5 Nxd5 21.
Bxg7 Kxg7 22. Qf3 Nb4 23. Rd1 Bg4 0-1

[Event "Amager Klubmesterskab 2010"]
[Site "Sundbyoster"]
[Date "2010.03.30"]
[Round "7"]
[White "Gade, Jens"]
[Black "Hansen, Benny"]
[Result "1-0"]
[WhiteElo "1520"]
[BlackElo "1290"]
[PlyCount "121"]
[EventDate "2010.??.??"]

1. f4 Nf6 2. Nf3 d5 3. e3 Bg4 4. Be2 e6 5. O-O Nc6 6. b3 Bd6 7. Bb2 Qe7 8. Nc3
a6 9. a3 Ne4 10. Nxe4 dxe4 11. Ng5 Bxe2 12. Qxe2 f5 13. Bxg7 Qxg7 14. Nxe6 Qg6
15. Nd4 Nxd4 16. exd4 Rg8 17. g3 O-O-O 18. c4 c5 19. d5 h5 20. Qe3 Rg7 21. d4
exd3 22. Qxd3 h4 23. Kg2 Re8 24. Qf3 hxg3 25. hxg3 Rge7 26. Rab1 Qg7 27. Rf2
Rh8 28. Kg1 Qh6 29. Qg2 Qg7 30. Rf3 Re4 31. Rd1 Rhe8 32. Rdf1 Qg4 33. R3f2 Bf8
34. Qf3 Bg7 35. Qxg4 fxg4 36. Kg2 Bd4 37. Rd2 Re2+ 38. Rxe2 Rxe2+ 39. Kh1 Kd7
40. f5 Ke7 41. Rf4 Re1+ 42. Kg2 Re2+ 43. Kf1 Re5 44. Rxg4 Rxf5+ 45. Kg2 Rf7 46.
Re4+ Kd7 47. Re6 Rf6 48. Rxf6 Bxf6 49. Kf3 Kd6 50. Ke4 b5 51. Kf5 Bd4 52. g4 a5
53. a4 bxc4 54. bxc4 Ke7 55. g5 Bf2 56. Kg6 Be3 57. Kf5 Bd4 58. Kg6 Kd6 59. Kf7
Ke5 60. g6 Ke4 61. d6 1-0

[Event "Amager Klubmesterskab 2010"]
[Site "Sundbyoster"]
[Date "2010.03.30"]
[Round "7"]
[White "Jensen, Thore Nyboe"]
[Black "Lunding, Peter M"]
[Result "0-1"]
[WhiteElo "2039"]
[BlackElo "1875"]
[PlyCount "56"]
[EventDate "2010.??.??"]

1. e4 e6 2. d4 d5 3. exd5 exd5 4. c4 Nf6 5. Nc3 c6 6. Nf3 Bb4 7. Bd3 O-O 8. O-O
Bg4 9. Qb3 Bxc3 10. bxc3 dxc4 11. Bxc4 Bxf3 12. Qxb7 Bd5 13. Bxd5 Nxd5 14. c4
Qb6 15. Rb1 Qxb7 16. Rxb7 Nb6 17. Ba3 Rd8 18. Bc5 Rd7 19. Re1 Na6 20. Rxd7 Nxd7
21. Bd6 Nb6 22. c5 Nc4 23. Re2 Nxd6 24. cxd6 Kf8 25. Re7 Nb4 26. Rc7 Nxa2 27.
Rxc6 Rd8 28. Ra6 Nc3 0-1

[Event "Amager Klubmesterskab 2010"]
[Site "Sundbyoster"]
[Date "2010.03.30"]
[Round "7"]
[White "Justesen, Martin"]
[Black "Johansen, Erik"]
[Result "1/2-1/2"]
[WhiteElo "1573"]
[BlackElo "1508"]
[PlyCount "66"]
[EventDate "2010.??.??"]

1. d4 Nf6 2. c4 e6 3. Nc3 c5 4. d5 d6 5. e4 e5 6. Nge2 Bg4 7. f3 Bh5 8. g4 Bg6
9. g5 Nfd7 10. Ng3 Na6 11. Bh3 Nc7 12. f4 exf4 13. Bxf4 Be7 14. Nf5 Bxf5 15.
exf5 Ne5 16. Bxe5 dxe5 17. Qa4+ Kf8 18. O-O-O Bd6 19. Ne4 a6 20. Qa5 Ne8 21.
Qxd8 Rxd8 22. Rhe1 f6 23. g6 Ke7 24. Re3 Nc7 25. a4 b5 26. axb5 axb5 27. b4 Na6
28. bxc5 Nxc5 29. Nxd6 Kxd6 30. cxb5 Ra8 31. Kb2 Ra4 32. Ra3 Rb4+ 33. Kc3 Rxb5
1/2-1/2

[Event "Amager Klubmesterskab 2010"]
[Site "Sundbyoster"]
[Date "2010.03.30"]
[Round "7"]
[White "Kokholm, Daniel"]
[Black "Larsen, Kim"]
[Result "0-1"]
[WhiteElo "1848"]
[BlackElo "1571"]
[PlyCount "160"]
[EventDate "2010.??.??"]

1. d4 d5 2. e4 dxe4 3. Nc3 e5 4. Qh5 Nc6 5. dxe5 Bb4 6. Bd2 Qd4 7. O-O-O Qxe5
8. Qxe5+ Nxe5 9. Nxe4 Bxd2+ 10. Rxd2 Ne7 11. h3 Bd7 12. f4 N5g6 13. Ne2 O-O-O
14. Ng5 Be8 15. Rxd8+ Kxd8 16. h4 h6 17. Nf3 Bb5 18. Nfd4 Bxe2 19. Nxe2 Nd5 20.
g3 Re8 21. Kd2 Ne3 22. Bh3 Nc4+ 23. Ke1 Nxb2 24. Kf2 Nc4 25. Rd1+ Nd6 26. c4
Ke7 27. h5 Nf8 28. Nc3 Ne6 29. Nd5+ Kd8 30. Ne3 Nc5 31. Nf5 Nce4+ 32. Kf3 g6
33. hxg6 fxg6 34. Nxh6 Ke7 35. Ng4 Kf8 36. Ne5 Kg7 37. a3 b6 38. Bf1 Nc5 39.
Rd2 g5 40. Rd5 gxf4 41. gxf4 Rh8 42. Rd2 Rh1 43. Rd1 Rh2 44. Bg2 Nf5 45. Rg1
Nh4+ 46. Kg3 Rxg2+ 47. Rxg2 Nxg2 48. Kxg2 Kf6 49. Kf3 Kf5 50. Nc6 a5 51. Ne7+
Ke6 52. Nd5 Nb3 53. Ne3 Nd2+ 54. Kg4 Nb1 55. Nc2 c6 56. Kf3 Nd2+ 57. Ke3 Nxc4+
58. Kd4 Nd2 59. Ke3 Nb1 60. Ke4 Nc3+ 61. Kf3 Nd5 62. Nd4+ Kd7 63. Ke4 b5 64. f5
Kd6 65. Nf3 Nf6+ 66. Kd4 c5+ 67. Kd3 Kd5 68. Ke3 b4 69. axb4 axb4 70. Nd2 Ke5
71. Kd3 Kd5 72. Nc4 Nd7 73. Ne3+ Kc6 74. Nc2 Kb5 75. Ne3 Ne5+ 76. Kc2 c4 77.
Nd5 Kc5 78. Nxb4 Kxb4 79. f6 c3 80. Kb1 Kb3 0-1

[Event "Amager Klubmesterskab 2010"]
[Site "Sundbyoster"]
[Date "2010.03.30"]
[Round "7"]
[White "Larsen, Ulrik Jejlskov"]
[Black "Svensson, John Michael"]
[Result "1/2-1/2"]
[WhiteElo "1568"]
[BlackElo "1510"]
[PlyCount "115"]
[EventDate "2010.??.??"]

1. d4 c5 2. e3 cxd4 3. exd4 Nf6 4. Bd3 b6 5. Nf3 Bb7 6. O-O e6 7. c4 Be7 8. Nc3
O-O 9. Bf4 d6 10. h3 Nbd7 11. Re1 Re8 12. Nb5 Nf8 13. Rc1 a6 14. Nc3 Ng6 15.
Bh2 Nd7 16. Ne4 Ndf8 17. a3 d5 18. cxd5 Bxd5 19. Ne5 Nxe5 20. Bxe5 Ng6 21. Bc7
Qd7 22. Bxb6 Rec8 23. Bc5 f5 24. Ng3 Qb7 25. Bxe7 Nxe7 26. b4 Rc6 27. f3 Rac8
28. Rxc6 Rxc6 29. Qa4 Kf7 30. Ne2 g5 31. h4 h6 32. hxg5 hxg5 33. Rc1 Rxc1+ 34.
Nxc1 Qc8 35. Ne2 Bb7 36. Qa5 Nc6 37. Qb6 Ne7 38. Qc5 Qd8 39. b5 Qa5 40. Qb4
Qxb4 41. axb4 axb5 42. Nc3 Bc6 43. Kf2 Kf6 44. Ke2 Nd5 45. Nxb5 Bxb5 46. Bxb5
Nc3+ 47. Kd3 Nxb5 48. Kc4 Nd6+ 49. Kc5 Ke7 50. Kc6 f4 51. b5 Nxb5 52. Kxb5 Kd6
53. Kc4 Kc6 54. Kd3 Kd5 55. Kc3 e5 56. dxe5 Kxe5 57. Kd3 Kf5 58. Ke2 1/2-1/2

[Event "Amager Klubmesterskab 2010"]
[Site "Sundbyoster"]
[Date "2010.03.30"]
[Round "7"]
[White "Nielsen, Mogens Bach"]
[Black "Nielsen, John Holm"]
[Result "1/2-1/2"]
[WhiteElo "1727"]
[BlackElo "2017"]
[PlyCount "64"]
[EventDate "2010.??.??"]

1. d4 d5 2. c4 c6 3. Nf3 Nf6 4. Nc3 dxc4 5. a4 Bf5 6. e3 e6 7. Bxc4 Bb4 8. O-O
O-O 9. Qe2 Bg4 10. Rd1 Nbd7 11. h3 Bxf3 12. Qxf3 Qe7 13. e4 e5 14. d5 Nb6 15.
Bb3 cxd5 16. Nxd5 Nbxd5 17. Bxd5 Nxd5 18. Rxd5 Rfd8 19. Be3 Rxd5 20. exd5 e4
21. Qe2 a6 22. Qc4 Bd6 23. Bd4 f5 24. Rc1 Re8 25. Rc3 f4 26. Bc5 Kf8 27. Bxd6
Qxd6 28. Qc5 Qxc5 29. Rxc5 e3 30. fxe3 fxe3 31. Kf1 Re7 32. Ke2 Kf7 1/2-1/2

[Event "Amager Klubmesterskab 2010"]
[Site "Sundbyoster"]
[Date "2010.03.23"]
[Round "7"]
[White "Varming, Thomas"]
[Black "Nielsen, Jens Holm"]
[Result "1-0"]
[WhiteElo "1801"]
[BlackElo "1754"]
[PlyCount "141"]
[EventDate "2010.??.??"]

1. e4 d6 2. d4 Nf6 3. Nc3 g6 4. Nf3 Bg7 5. h3 c6 6. Be3 b5 7. e5 dxe5 8. dxe5
Qxd1+ 9. Rxd1 Nfd7 10. Bf4 O-O 11. Bd3 Nc5 12. Be2 b4 13. Nb1 Ba6 14. c3 Bxe2
15. Kxe2 Nba6 16. Nd4 Ne6 17. Nxe6 fxe6 18. Bh2 Rad8 19. c4 Nc5 20. f4 a5 21.
Rhf1 Nb7 22. Rxd8 Rxd8 23. Bg1 g5 24. g3 gxf4 25. gxf4 Kf7 26. Nd2 a4 27. Ne4
Bh6 28. Bb6 Rd7 29. a3 bxa3 30. bxa3 c5 31. Ke3 Kg6 32. Rg1+ Kf7 33. Bxc5 Na5
34. Nd2 Rc7 35. Bb4 Nc6 36. Ke4 Rd7 37. Bc3 Rd8 38. Rb1 Rd7 39. Nf3 Rc7 40. Nd4
Nxd4 41. Kxd4 Kg6 42. Rb4 Kf5 43. Rxa4 Bxf4 44. Ra5 Rd7+ 45. Kc5 Rd3 46. Kb4
Rxh3 47. c5 Rg3 48. c6 Rg8 49. Kc5 h5 50. c7 Be3+ 51. Kc6 h4 52. Ra4 h3 53. Rb4
Bf4 54. Rb1 h2 55. a4 Ke4 56. Kd7 Kd3 57. Bb4 Bxe5 58. c8=Q Rxc8 59. Kxc8 Ke2
60. Kd7 Kf3 61. Kxe6 Bg3 62. Bxe7 Bf2 63. Rh1 Bg1 64. Rxh2 Bxh2 65. a5 Bg1 66.
Kd5 Kf4 67. Kc6 Ke5 68. Bd8 Bf2 69. a6 Ba7 70. Kb7 Bc5 71. Bb6 1-0